000 00252nam a22001217a 4500
008 180302b xxu||||| |||| 00| 0 eng d
041 _aeng
080 _a37
100 _a25
101 _aEDU
245 _aWOMENS SOCCER
_cMICHAEL.Y
942 _2udc
_cBK
999 _c44027
_d44027